Avengers picture - Statistics

General Stats
  • This quiz has been taken 100 times
  • The average score is 11 of 15
Answer Stats
Picture Answer % Correct
Black panther
100%
Captain america
99%
Rocket
91%
Falcon
89%
Iron man
88%
Thor
88%
Black widow
86%
Hawk eye
86%
Groot
85%
Wasp
83%
Hulk
80%
Dr. Strange
50%
Loki
35%
Goose
20%
Valkerie
10%
No matching quizzes found
Score Distribution
Percent of People with Each Score
Percentile by Number Answered
Your Score History
You have not taken this quiz